|
|
|
|
| LEADER |
00000nam0a2200000 4500 |
| 001 |
216542 |
| 005 |
20231101230040.0 |
| 035 |
|
|
|a (RuTPU)RU\TPU\book\236514
|
| 090 |
|
|
|a 216542
|
| 100 |
|
|
|a 20120526d1968 m y0rusy50 ca
|
| 101 |
0 |
|
|a rus
|
| 102 |
|
|
|a RU
|
| 105 |
|
|
|a a z 000zd
|
| 200 |
1 |
|
|a Ленинградки. Воспоминания. Очерки. Документы
|e сборник
|f сост. С. Ф. Виноградова [и др.]
|
| 210 |
|
|
|a Ленинград
|c Лениздат
|d 1968
|
| 215 |
|
|
|a 414 с.
|c ил.
|
| 600 |
|
1 |
|a Крупская
|b Н. К.
|c российский политический деятель
|c жена В. И. Ленина
|f 1869-1939
|g Надежда Константиновна
|2 stltpush
|3 (RuTPU)RU\TPU\pers\496
|9 237
|
| 600 |
|
1 |
|a Коллонтай
|b А. М.
|c урожденная Домонтович
|c российский дипломат
|f 1872-1952
|g Александра Михайловна
|2 stltpush
|3 (RuTPU)RU\TPU\pers\12467
|9 3474
|
| 610 |
1 |
|
|a большевики
|
| 610 |
1 |
|
|a революционеры
|
| 610 |
1 |
|
|a ленинградцы
|
| 610 |
1 |
|
|a женщины
|
| 610 |
1 |
|
|a Ленинград
|
| 686 |
|
|
|a Т3(235.0-2СПб)
|v LBC/SL-A
|2 rubbk
|
| 702 |
|
1 |
|a Виноградова
|b С. Ф.
|4 220
|
| 702 |
|
1 |
|a Гилярова
|b Е. А.
|4 220
|
| 702 |
|
1 |
|a Разумова
|b М. Я.
|4 340
|
| 801 |
|
1 |
|a RU
|b 63413507
|c 20120526
|
| 801 |
|
2 |
|a RU
|b 63413507
|c 20120911
|g RCR
|
| 942 |
|
|
|c BK
|